UK Constituencies - North West England - Statistics

General Stats
  • This quiz has been taken 54 times
  • The average score is 17 of 73
Answer Stats
Constituency % Correct
Carlisle
73%
Blackburn
64%
Blackpool South
55%
Chorley
55%
Preston
55%
Wigan
55%
Burnley
45%
Manchester Central
45%
Birkenhead
36%
Bury North
36%
Bury South
36%
Lancaster and Wyre
36%
Ribble Valley
36%
Rochdale
36%
Salford
36%
Southport
36%
Stockport
36%
Tatton
36%
Bolton West
27%
Hyndburn
27%
Liverpool Wavertree
27%
Macclesfield
27%
Penrith and Solway
27%
South Ribble
27%
Warrington North
27%
Warrington South
27%
West Lancashire
27%
Westmorland and Lonsdale
27%
Ashton-under-Lyne
18%
Barrow and Furness
18%
Blackpool North and Fleetwood
18%
Bootle
18%
Cheadle
18%
Congleton
18%
Crewe and Nantwich
18%
Fylde
18%
Hazel Grove
18%
Knowsley
18%
Makerfield
18%
Pendle and Clitheroe
18%
Rossendale and Darwen
18%
Stalybridge and Hyde
18%
Stretford and Urmston
18%
Wallasey
18%
Whitehaven and Workington
18%
Wirral West
18%
Wythenshawe and Sale East
18%
Altrincham and Sale West
9%
Blackley and Middleton South
9%
Bolton North East
9%
Bolton South and Walkden
9%
Chester North and Neston
9%
Chester South and Eddisbury
9%
Ellesmere Port and Bromborough
9%
Gorton and Denton
9%
Heywood and Middleton North
9%
Leigh and Atherton
9%
Liverpool Garston
9%
Liverpool Riverside
9%
Liverpool Walton
9%
Liverpool West Derby
9%
Manchester Rusholme
9%
Manchester Withington
9%
Mid Cheshire
9%
Morecambe and Lunesdale
9%
Oldham East and Saddleworth
9%
Oldham West, Chadderton and Royton
9%
Runcorn and Helsby
9%
Sefton Central
9%
St Helens North
9%
St Helens South and Whiston
9%
Widnes and Halewood
9%
Worsley and Eccles
9%
No matching quizzes found
Score Distribution
Percent of People with Each Score
Percentile by Number Answered
Your Score History
You have not taken this quiz